000 00706nam a22002417a 4500
003 OSt
005 20210421073220.0
008 201218s2006 ||||| |||| 00| 0 eng d
020 _a9780721604503
020 _a0721604501
040 _aeng
_beng
_cDLC
_deng
041 _aeng
080 _a616-08
_bA-43
100 _9532
_aAlspach, Grif JoAnn
_eEditor
245 _aCore Curriculum for Critical Care Nursing
_c/ by: American Association of Critical-Care Nurses
250 _a6th edition
260 _aSt. Louis
_bSaunders, Elsevier
_c2006
300 _a967 p.
_bill.
365 _b74.95 usd
650 0 _9285
_aPatient Care
653 _aპაციენტის მოვლა
942 _2udc
_cBK
_e6
999 _c700
_d700